01507 2200649 4500001002100000008004100021035002000062245004500082100001600127250000600143260003000149300002600179020002200205084001400227082000800241650000800249990001500257990001500272990001500287990001500302990001500317990001500332990001500347990001500362990001500377990001500392990001500407990001500422990001500437990001500452990001500467990001500482990001500497990001500512990001500527990001500542990001500557990001500572990001500587990001500602990001500617990001500632990001500647990001500662990001500677990001500692990001500707990001500722990001500737990001500752990001500767990001500782990001500797990001500812990001500827990001500842INLIS000000000003477 ind  a0010-0526000100 aX-Press TKA Bahasa IndonesiacSoleh Amin aAmin, Soleh a1 aJakarta :bErlanggac2025 a100 hlmc21 x 25.5 cm a978-623-522-809-9 a410 SOL x a410 aTKA a20216/B/26 a20217/B/26 a20218/B/26 a20219/B/26 a20220/B/26 a20221/B/26 a20222/B/26 a20223/B/26 a20224/B/26 a20225/B/26 a20226/B/26 a20227/B/26 a20228/B/26 a20229/B/26 a20230/B/26 a20231/B/26 a20232/B/26 a20233/B/26 a20234/B/26 a20235/B/26 a20236/B/26 a20237/B/26 a20238/B/26 a20239/B/26 a20240/B/26 a20241/B/26 a20242/B/26 a20243/B/26 a20244/B/26 a20245/B/26 a20246/B/26 a20247/B/26 a20248/B/26 a20249/B/26 a20250/B/26 a20251/B/26 a20252/B/26 a20253/B/26 a20254/B/26 a20255/B/26